| 000 | 00824nam a22002057a 4500 | ||
|---|---|---|---|
| 999 |
_c16293 _d16293 |
||
| 003 | AR-CdUCM | ||
| 008 | 190503b ||||| |||| 00| 0 spa d | ||
| 040 |
_aMUNICIPALIDAD PROVINCIAL DEL CUSCO _cBIBLIOTECA MUNICIPAL DEL CUSCO |
||
| 082 |
_a928.6 / _bR68 |
||
| 100 |
_aNeale-Silva, Eduardo _935651 |
||
| 245 |
_aHorizonte humano : _bvida de José Eustasio Rivera / |
||
| 260 |
_aMéxico : _bFondo de cultura económica, _c1960. |
||
| 300 |
_a506 páginas ; _c22 cm. |
||
| 440 |
_aTierra firme ; _n66 _935652 |
||
| 505 | _aContenido: El camellón de los almendros -- Soy un hijo del monte -- En la Atenas de Sudamérica -- Loco gaste mi juventud lozana -- En tierras de centauro ... | ||
| 650 |
_aLiteratura colombiana _98673 |
||
| 650 |
_aEscritores colombianos _935653 |
||
| 942 |
_2ddc _cLIBROS |
||
| 945 |
_aacv _d2019-05-03 |
||